| 000 | 01367nam a2200349 i 4500 | ||
|---|---|---|---|
| 001 | 000049213 | ||
| 003 | DO-SdBNP | ||
| 005 | 20260312110413.0 | ||
| 007 | ta | ||
| 008 | 190730m19982000dr r 000 e spa d | ||
| 040 |
_aDO-SdBNP _bspa _cBNPHU _erda |
||
| 041 | _aspa | ||
| 082 | 4 |
_a972.93053 _bC236d _222 |
|
| 100 | 1 |
_aCapdevila, Lauro, _eautor _4aut. _940546 |
|
| 245 | 1 | 3 |
_aLa dictadura de Trujillo : _bRepública Dominicana 1930-1961 / _cLauro Capdevila ; traducción, Denise Armitano. |
| 264 | 1 |
_aSanto Domingo : _bSociedad Dominicana de Bibliófilos, _c2000. |
|
| 300 |
_a431 páginas ; _c21 cm. |
||
| 336 |
_atexto _btxt _2rdacontent |
||
| 337 |
_asin mediación _bn _2rdamedia |
||
| 338 |
_avolumen _bnc _2rdacarrier |
||
| 490 | 1 |
_aBibliófilos 2000 _v1 |
|
| 500 | _aIncluye datos biográficos del autor en la contracubierta. | ||
| 500 | _aIncluye índice onomástico. | ||
| 500 | _aIncluye referencias bibliográficas y notas, páginas 81- 94, 196 - 218, 268 - 278, 323- 330 | ||
| 504 | _aBibliografía : páginas 391-409 | ||
| 590 | _aInventariado, 2023 / MF | ||
| 600 | 1 | 0 |
_aTrujillo Molina, Rafael Leónidas, _d 1891-1961 _976764 |
| 651 | 4 |
_aRepública Dominicana _xPolítica y gobierno _yEra de Trujillo, 1930-1961 _91374 |
|
| 700 | 1 |
_aArmitano, Denise, _etraductor _4tr. _940547 |
|
| 910 | _aValidado. Control de calidad MFF | ||
| 942 |
_2ddc _cLBS1 |
||
| 999 |
_c48701 _d48701 |
||